000 01188 a2200229 4500
999 _c27583
_d27583
003 OSt
005 20241127152200.0
008 241127b ||||| |||| 00| 0 eng d
020 _a9789393385628
_cRs500.00
040 _cimukc
041 _aeng
082 _a623.87
_bG9775
100 _aGupta, Atul Kumar
245 _aA text book of marine auxiliary systems and deck machinery /
_cAtul Kumar Gupta
250 _a1st ed.
260 _aNew Delhi :
_bBluerose Publishers,
_c2024.
300 _a209 p. :
_bill. ;
_c23 cm.
520 _aThe book covers the syllabus of Marine Auxiliary Systems and Deck Machinery specified by Indian Maritime University for the fifth semester of B. Tech Marine Engineering Course. The book includes about 150 illustrations to provide clarification on the minute details of auxiliary machinery. Additionally, the book also provides answers to all the questions on the covered topics which have appeared in the exams conducted by Indian Maritime University. This book will surely help the students in passing the exam and work on ships auxiliary machinery safely.
650 0 _92
_aMarine Engineering
650 0 _9198
_aMarine Engines
942 _2ddc
_cBK